Mots anglais aléatoires : traduis-les ! - Statistiques

Statistiques générales
  • Ce quiz a été pris 1 587 fois
  • Le résultat moyen est 13 sur 20
Statistiques - réponses
Mot Traduction % Correct
École School
96%
Tomber Fall
95%
Tuer Kill
95%
Jeu Game
93%
Tête Head
93%
Cheval Horse
93%
Lumière Light
92%
Comprendre Understand
92%
Parler Speak
91%
Attendre Wait
91%
Bouteille Bottle
90%
Jardin Garden
90%
Dieu God
90%
Île Island
90%
Pastèque Watermelon
90%
Savoir Know
89%
Mer Sea
89%
Table Table
89%
Beauté Beauty
88%
Lunette de Soleil Sunglasses
88%
Lèvre Lip
87%
Forêt Forest
86%
Oublier Forget
86%
Rire Laugh
86%
Ordinateur Computer
85%
Mensonge Lie
85%
Prier Pray
84%
La mort Death
83%
Terre Earth
83%
Souvent Often
82%
( une ) Tour Tower
82%
Sérieusement Seriously
81%
Mur Wall
81%
Ongle Nail
80%
Cauchemar Nightmare
80%
Assiette Plate
79%
Briller Shine
79%
Espace ( ciel ) Space
79%
Croire Believe
78%
Château Castle
78%
Enfer Hell
78%
Espérer Hope
75%
Prison Jail
75%
Yaourt Yogurt / Yoghurt
75%
Paradis ( religieux ) Heaven
71%
Veste Jacket
71%
Maroc Morocco
70%
Maïs Corn
69%
Concombre Cucumber
69%
Os Bone
68%
Bottes Boots
68%
Huile d'olive Olive oil
68%
À propos de About
66%
Menthe Mint
66%
Oreiller Pillow
66%
Mensuel Monthly
65%
Basilic Basil
64%
Bol Bowl
63%
Sol Ground
61%
Four Oven
56%
Suisse Switzerland
56%
Dégout Disgust
55%
Hongrie Hungary
54%
Chiots Puppies
54%
Gorge Throat
54%
Dinde Turkey
54%
Dictionnaire Dictionary
53%
Évier Sink
53%
Chimie Chemistry
50%
Gratte-Ciel Skyscraper
50%
Maillot de bain Swimsuit
50%
Vinaigre Vinegar
49%
République dominicaine Dominican Republic
48%
Eau gazeuse Sparkling Water
48%
Briquet Lighter
47%
Tapis Carpet
46%
Cannelle Cinnamon
46%
Gel douche Shower gel
46%
Terrifiant Terrifying
44%
Soin Care
43%
Côte d'Ivoire Ivory Coast
42%
Cochon d'Inde Guinea pig
38%
Balai Broom
37%
Bouillant Boiling
36%
Aubergine Eggplant
33%
Luxueux Luxurious
33%
Équateur Ecuador
32%
Courgette Zucchini
32%
Armoire Wardrobe / Closet
31%
Couverture Blanket
29%
Étrange Stranger
28%
Lettonie Latvia
27%
Couvercle Lid
27%
Contrarié Upset
26%
Choux Cabbage
22%
Émirats arabes unis United Arab Emirates
22%
Radiateur Radiator
18%
Frisson Shiver
14%
Chiffre d'affaires Turnover / Revenue
10%
Actionnaire Shareholder
8%
Fouet Whisk
6%
Aucun quiz correspondant
Distribution des résultats
% des personnes avec chaque résultat
Percentile par nombre de réponses
Votre historique - résultats
Vous n’avez pas pris ce quiz